000 00496nam a2200193Ia 4500
003 GCL
008 140319s9999 xx 000 0 eng d
020 _a0394588428
040 _aGCL /
_cGCL
082 0 4 _a823
_bC S
100 1 _aLE CARRE, JOHN
245 1 0 _aTHE SECRET PILGRIM /
_cLE CARRE, JOHN
260 _aنيويورك :
_bALFRED A KNOPF ،
_c1991
300 _a24 CM ؛
_c335 P
650 0 4 _aENGLISH LITERATURE
650 0 4 _aENGLISH FICTION
650 0 4 _aFICTIONS
942 _2ddc
_cBK
999 _c7440
_d7440